| 000 | 00835nam a2200265 i 4500 | ||
|---|---|---|---|
| 001 | 000038700 | ||
| 003 | DO-SdBNP | ||
| 005 | 20240509084754.0 | ||
| 007 | ta | ||
| 008 | 130418s2005 dr 000 0 spa d | ||
| 020 | _a9945405241 | ||
| 040 |
_aDO-SdBNP _bspa _cBNPHU _erda |
||
| 082 | 4 | _222 | |
| 100 | 1 |
_aCastro Ventura, Santiago _91837 _eautor |
|
| 245 | 1 | 0 |
_aDuarte en la proa de la historia / _cSantiago Castro Ventura ; prólogo, Orlando Inoa |
| 264 |
_aSanto Domingo : _bManatí, _c2005. |
||
| 300 |
_a317 páginas ; _c22 cm. |
||
| 336 |
_2rdamedia _asin mediación _bn |
||
| 337 |
_2rdamedia _asin mediación _bn |
||
| 338 |
_2rdacarrier _avolumen _bnc |
||
| 500 | _aIncluye datos biográficos del autor en la contracubierta | ||
| 504 | _aBibliografía : p. 305-317 | ||
| 590 | _aInventariado, 2024/BT | ||
| 942 |
_2ddc _cLBS1 |
||
| 999 |
_c38190 _d38190 |
||